00748 2200289 4500001002100000005001500021007000300036008004100039035002000080040001700100041000800117082001200125084001800137090002300155100002400178245003800202250001200240264003200252300003800284336002100322337003000343338002300373504002500396650001200421850001000433990001500443INLIS00000000000629520260418020041ta260418 0  a0010-0322000539 aSBPUPADbind0 aind a362.293 a362.293 SOE n a362.293 SOE n 13-20 aSoedjonoePengarang1 aNarkitika dan Remaaja /cSoedjono a.-cet.1 a.--Bandung :bAlumni,c1983 aviii, 219 hal. :billus. ;c20 cm 2rdacontentaTeks 2rdamediaaTanpa Perantara 2rdacarrieravolume aBibliografi, hlm 219 4aNarkoba aPUPAD a0223/BR/05